Top 40 Most Beautiful Countries - Statistics

General Stats
  • This quiz has been taken 238 times
  • The average score is 31 of 40
Answer Stats
Rank Country % Correct
4 United States
96%
3 Brazil
95%
1 Australia
94%
15 Italy
94%
7 Canada
93%
5 China
93%
9 France
93%
12 Japan
92%
27 New Zealand
91%
11 Spain
91%
29 United Kingdom
91%
18 Argentina
90%
2 Mexico
90%
8 Indonesia
88%
6 India
87%
32 Portugal
85%
35 Greece
84%
17 Peru
84%
14 Thailand
84%
37 Norway
83%
33 Chile
82%
40 Switzerland
81%
31 Iceland
79%
38 Turkey
79%
10 Colombia
78%
13 South Africa
77%
24 Vietnam
74%
19 Venezuela
70%
21 Malaysia
69%
20 Ecuador
66%
28 Bolivia
63%
22 Philippines
61%
23 Costa Rica
60%
25 Panama
56%
26 Kenya
55%
30 Croatia
54%
16 Tanzania
53%
39 Nepal
51%
36 Sri Lanka
44%
34 Namibia
30%
No matching quizzes found
Score Distribution
Percent of People with Each Score
Percentile by Number Answered
Your Score History
You have not taken this quiz